00374 2200145 4500001002100000005001500021035002000036245008300056100003000139300000800169260001700177082000800194084001400202990001200216INLIS00000000000219220250527011940 a0010-05250004841 aEkonomi Syariah Ayat-Ayat Alquran yang Berdimensi /cAhmad Izzah Shari Tanjung0 aAhmad Izzah Shari Tanjung a393 bRosda,c2007 a297 a297 AHM e a0712593